000 00729nam a2200205 4500
008 b xx# ara u
010 _a54633
040 _aLB-BrCRDP
082 _a892.72/A929a
100 1 _a. ابو مراد، نبيل
130 1 _lAR
245 1 0 _a. الاخوان رحباني
_bالحياة والمسرح
_cنبيل ابو مراد
260 _aبيروت
_c2010
300 _a280 ص.:
_bصور ؛
_c24 سم.
500 _a* جدول بالمسرحيات الرحبانية * مصادر ومراجع في آخر الكتاب
650 _aالاخوان رحباني
650 _aالمسرحية اللبنانية الحديثة
942 _cBK
999 _c15776
_d15776